[Event "MEX ol U14 Girls"]
[White "Arreguin Hernandez, Yazmin"]
[Black "Soto Najera, Ana Cristina"]
[Site "Guanajuato"]
[Round "6"]
[Result "0-1"]
[Date "2002.07.16"]
[WhiteElo "1447"]
[BlackElo "1470"]
[PlyCount "68"]
[EventDate "2002.07.13"]
[EventType "swiss"]
[EventRounds "6"]
[EventCountry "MEX"]
[SourceTitle "EXT 2003"]
[Source "ChessBase"]
[SourceDate "2002.11.25"]
[SourceVersion "1"]
[SourceVersionDate "2002.11.25"]
[SourceQuality "1"]

1. e4 c5 2. Nf3 d6 3. d4 cxd4 4. Nxd4 Nf6 5. Nc3 g6 6. f4 Nbd7 7. Bd3 Nc5 8. 0-0 Nxd3 9. Qxd3 Bg7 10. h3 0-0 11. Be3 Qa5 12. g4 Bd7 13. f5 Rfc8 14. Qd2 Qb4 15. Bh6 Bxh6 16. Qxh6 Qxd4+ 17. Rf2 Nxe4 18. Nxe4 Qxe4 19. Raf1 Qd4 20. c3 Qg7 21. Qg5 f6 22. Qd2 gxf5 23. Qd5+ Kf8 24. Re1 fxg4 25. hxg4 Bc6 26. Qe6 Rd8 27. Rf4 Re8 28. Kf2 Qf7 29. Qf5 Qg6 30. Qe6 Rad8 31. Qc4 Qf7 32. Qe2 Qd5 33. Rg1 Qc5+ 34. Kg3 Qxg1+ 0-1